Catálogo

Diccionario de psicología / (Registro nro. 47953)

Detalles MARC
000 -LEADER
fixed length control field 01161cam a2200313 i 4500
001 - CONTROL NUMBER
control field 47953
003 - CONTROL NUMBER IDENTIFIER
control field Mx-PuUPA
005 - DATE AND TIME OF LATEST TRANSACTION
control field 20240410104031.0
008 - FIXED-LENGTH DATA ELEMENTS--GENERAL INFORMATION
fixed length control field 140415s2002 mx r 000 0 spa d
020 ## - INTERNATIONAL STANDARD BOOK NUMBER
International Standard Book Number 9682324092
040 ## - CATALOGING SOURCE
Original cataloging agency MX-PuUPA
Language of cataloging spa
Description conventions rda
Transcribing agency Mx-PuUPA
Modifying agency Mx-PuUPA
041 1# - LANGUAGE CODE
Language code of text/sound track or separate title spa
Language code of original ita
100 1# - MAIN ENTRY--PERSONAL NAME
Personal name Galimberti, Umberto,
Dates associated with a name 1942-
Relator term autor
9 (RLIN) 5192
240 10 - UNIFORM TITLE
Uniform title Dizionario di psicologia.
Language of a work Español
245 10 - TITLE STATEMENT
Title Diccionario de psicología /
Statement of responsibility, etc. Umberto Galimberti ; traducción de María Emilia G. de Quevedo.
250 ## - EDITION STATEMENT
Edition statement Primera edición
264 #1 - PRODUCTION, PUBLICATION, DISTRIBUTION, MANUFACTURE, AND COPYRIGHT NOTICE
Place of production, publication, distribution, manufacture México, D. F. :
Name of producer, publisher, distributor, manufacturer Siglo XXI Editores,
Date of production, publication, distribution, manufacture, or copyright notice 2002
300 ## - PHYSICAL DESCRIPTION
Extent 1221 páginas ;
Dimensions 24 cm.
336 ## - CONTENT TYPE
Content type term texto
Fuente rdacontent
Content type code txt
337 ## - MEDIA TYPE
Media type term sin medio
Source rdamedia
Media type code n
338 ## - CARRIER TYPE
Carrier type term volumen
Source rdacarrier
Carrier type code nc
490 0# - SERIES STATEMENT
Series statement Psicología y Psicoanálisis
650 #4 - SUBJECT ADDED ENTRY--TOPICAL TERM
Topical term or geographic name entry element Psicología
Form subdivision Diccionarios
700 1# - ADDED ENTRY--PERSONAL NAME
Personal name G. de Quevedo, María Emilia,
Relator term traductor
765 08 - ORIGINAL LANGUAGE ENTRY
Main entry heading Galimberti, Umberto,
Edition Primera edición
Place, publisher, and date of publication Turín : Unione Tipografico-editrice torinese, 1992
Title Dizionario di psicologia
International Standard Book Number 8802046131
942 ## - ADDED ENTRY ELEMENTS (KOHA)
Source of classification or shelving scheme Dewey Decimal Classification
Koha item type Libro
Classification part 150.3
Item part G146
Existencias
Withdrawn status Lost status Source of classification or shelving scheme Damaged status Not for loan Collection code Home library Current library Shelving location Date acquired Source of acquisition Full call number Barcode Date last seen Price effective from Koha item type
    Dewey Decimal Classification     Referencia Biblioteca Karol Wojtyla Biblioteca Karol Wojtyla Área de silencio 03/12/2013 Compra 150.3 G146 2002 71792 05/01/2026 08/08/2017 Libro R